000 00492nam a2200217Ia 4500
005 20250425161531.0
008 250425s9999 xx 000 0 und d
041 _aspa
082 _a547
100 _aCAVA, MICHAEL
245 0 _aQUÍMICA ORGÁNICA
250 _a1A ED.
260 _aBARCELONA
260 _aEspaña
_bREVERTE
_c1973
300 _a741
650 _aQUIMICA ORGANICA
700 _aALLINGER, NORMAN L.
700 _aDE JONGH, DON
942 _c01
010 _a22460
999 _c211114
_d211114